[Event "Barcelona Canovelles U2200 op"]
[Site "Barcelona"]
[Date "2018.12.29"]
[Round "6.9"]
[White "Viguera Garcia, Ferran"]
[Black "Rayo Hernandez, Gustavo E"]
[Result "1-0"]
[WhiteElo "2005"]
[BlackElo "1713"]
[PlyCount "121"]
[EventDate "2018.12.27"]
[EventType "swiss"]
[EventRounds "8"]
[EventCountry "ESP"]
[SourceTitle "EXT 2024"]
[Source "ChessBase"]
[SourceDate "2023.10.10"]
[SourceVersion "1"]
[SourceVersionDate "2023.10.10"]
[SourceQuality "1"]

1. e4 e5 2. Nc3 Nf6 3. Nf3 Bb4 4. Bc4 d6 5. h3 Nc6 6. a3 Bxc3 7. dxc3 h6 8. Qe2 a6 9. 0-0 0-0 10. Kh2 Qe7 11. g3 Be6 12. Bxe6 Qxe6 13. Nh4 Ne7 14. c4 Nd7 15. g4 Ng6 16. Ng2 Nc5 17. b4 Nd7 18. Be3 a5 19. c3 b6 20. f3 Qe7 21. Kg3 Nf6 22. h4 h5 23. g5 Nd7 24. Qd2 Kh8 25. Qd5 Qd8 26. Rfd1 Ne7 27. Qd2 f5 28. gxf6 gxf6 29. Qe2 Qe8 30. Kh2 f5 31. Bg5 Ng6 32. exf5 Rxf5 33. Re1 Qf8 34. f4 Nf6 35. Ne3 Nxf4 36. Qd1 Qc8 37. Nxf5 Qxf5 38. Qf3 Ng4+ 39. Kg3 Qc2 40. Rh1 Ne2+ 41. Kh3 Qxc3 42. Qxc3 Nxc3 43. Rhf1 axb4 44. axb4 Rxa1 45. Rxa1 e4 46. Ra8+ Kg7 47. Ra7 Kg6 48. Rxc7 e3 49. Re7 Kf5 50. Bxe3 b5 51. Bd4 Na2 52. cxb5 Nxb4 53. Rg7 Ke4 54. Bg1 d5 55. Bc5 Nd3 56. Re7+ Nge5 57. Bd6 d4 58. Bxe5 Nxe5 59. b6 d3 60. b7 d2 61. b8Q 1-0

[Event "NCA-chT"]
[Site "Managua"]
[Date "2015.11.29"]
[Round "8.3"]
[White "Alfaro Caracas, William"]
[Black "Rayo Hernandez, Gustavo E"]
[Result "1-0"]
[WhiteElo "2164"]
[BlackElo "1667"]
[PlyCount "129"]
[EventDate "2015.11.14"]
[EventType "team-tourn"]
[EventRounds "9"]
[EventCountry "NCA"]
[SourceTitle "EXT 2018"]
[Source "ChessBase"]
[SourceDate "2017.10.13"]
[SourceVersion "1"]
[SourceVersionDate "2017.10.13"]
[SourceQuality "1"]
[WhiteTeam "Joaquin Hurtado"]
[BlackTeam "Joaking Cuadra"]
[WhiteTeamCountry "NCA"]
[BlackTeamCountry "NCA"]

1. d4 d5 2. Nf3 Bg4 3. Ne5 Nf6 4. h3 Bd7 5. c4 dxc4 6. e3 e6 7. Bxc4 Nc6 8. Nf3 Bb4+ 9. Nc3 Ba5 10. a3 0-0 11. 0-0 Bb6 12. e4 Ne7 13. e5 Nfd5 14. Ne4 Bc6 15. Re1 Kh8 16. Bg5 h6 17. Qd2 hxg5 18. Qxg5 Ng8 19. Qh5+ Nh6 20. Bxd5 Bxd5 21. Nf6 Bxf3 22. gxf3 Qxd4 23. Ng4 Qf4 24. Kg2 Rad8 25. Qh4 Rd4 26. Rad1 Rxd1 27. Rxd1 Bd4 28. Re1 Bxb2 29. Re4 Qf5 30. Nxh6 Qh7 31. Qe7 gxh6 32. Qxf8+ Qg8+ 33. Qxg8+ Kxg8 34. Rb4 Bxe5 35. Rxb7 Bd4 36. Rxc7 Bb6 37. Rb7 Kg7 38. f4 Kg6 39. Kf3 h5 40. a4 Kf6 41. a5 Bxa5 42. Rb5 Bb6 43. Rxh5 Kg6 44. Rh8 Kg7 45. Rb8 Kg6 46. Rb7 Kg7 47. Ke2 Kg6 48. f3 f6 49. h4 Bd4 50. Rb5 e5 51. fxe5 fxe5 52. Kd3 Kh5 53. f4 Ba1 54. fxe5 Kxh4 55. Ke4 Kg5 56. Ra5 Bc3 57. Ra6 Bb4 58. Rxa7 Kg6 59. Rb7 Ba3 60. Kd5 Bf8 61. Ke6 Ba3 62. Rb3 Bc5 63. Rg3+ Kh7 64. Kf7 Kh6 65. e6 1-0